000 00503nam a2200193Ia 4500
005 20260429112149.0
008 260429s9999||||xx |||||||||||||| ||und||
020 _a9788131607152
041 _aEnglish
082 _a910.7
_bHUS
100 _aHusain, Majid
245 0 _aEvolution of geographical thought /
_cMajid Husain
250 _a6th rev. ed.
260 _aJaipur :
_bRawat Publications,
_c2024.
300 _axx, 443 p.; hb
650 _a Environment
650 _aGeography
942 _cTB
999 _c52677
_d52677